<?xml version="1.0" encoding="UTF-8"?><?xml-stylesheet type="text/xsl" href="static/style.xsl"?><OAI-PMH xmlns="http://www.openarchives.org/OAI/2.0/" xmlns:xsi="http://www.w3.org/2001/XMLSchema-instance" xsi:schemaLocation="http://www.openarchives.org/OAI/2.0/ http://www.openarchives.org/OAI/2.0/OAI-PMH.xsd"><responseDate>2026-06-01T02:17:20Z</responseDate><request verb="GetRecord" identifier="oai:riuma.uma.es:10630/6374" metadataPrefix="marc">https://riuma.uma.es/rest/oai/request</request><GetRecord><record><header><identifier>oai:riuma.uma.es:10630/6374</identifier><datestamp>2026-02-03T12:52:59Z</datestamp><setSpec>com_10630_5701</setSpec><setSpec>com_10630_3139</setSpec><setSpec>com_10630_10</setSpec><setSpec>col_10630_6340</setSpec></header><metadata><record xmlns="http://www.loc.gov/MARC21/slim" xmlns:dcterms="http://purl.org/dc/terms/" xmlns:doc="http://www.lyncode.com/xoai" xmlns:xsi="http://www.w3.org/2001/XMLSchema-instance" xsi:schemaLocation="http://www.loc.gov/MARC21/slim http://www.loc.gov/standards/marcxml/schema/MARC21slim.xsd">
   <leader>00925njm 22002777a 4500</leader>
   <datafield ind2=" " ind1=" " tag="042">
      <subfield code="a">dc</subfield>
   </datafield>
   <datafield ind2=" " ind1=" " tag="720">
      <subfield code="a">García Muñoz, María Remedios</subfield>
      <subfield code="e">author</subfield>
   </datafield>
   <datafield ind2=" " ind1=" " tag="260">
      <subfield code="c">2012</subfield>
   </datafield>
   <datafield ind2=" " ind1=" " tag="520">
      <subfield code="a">Este trabajo, enmarcado en la Historia de las mujeres y la Historia de la vida cotidiana,&#xd;
forma parte de una investigación sobre el papel de las mujeres durante la posguerra de la última&#xd;
guerra civil y el franquismo en un municipio de la provincia de Málaga: Almogía. Abarca&#xd;
desde los años 1940 al 1975, periodo en el que se documentan episodios de la vida de mujeres&#xd;
anónimas, olvidadas, marginadas, que no encontramos en la prensa ni en otras fuentes escritas, ni&#xd;
en la radio ni en el NODO, ni tampoco en los libros de Historia. Sin embargo, sus protagonistas&#xd;
son sujetos activos del quehacer histórico, sin ellas, sin su trabajo, la vida se paraliza. Más aún,&#xd;
el conocimiento de su trayectoria es imprescindible para comprender no sólo aspectos inéditos&#xd;
de la dictadura franquista, sino algunos de los entresijos del tiempo presente</subfield>
   </datafield>
   <datafield ind2=" " ind1=" " tag="520">
      <subfield code="a">This work, enshrined on the History of Women and the history of everyday life, is part&#xd;
of an investigation about the role of women during the post-war period of the last civil war&#xd;
and the Franco regime in a municipality in the province of Málaga: Almogía. It spans from&#xd;
1940s to 1975, period in which are documented episodies of the life of anonymous women,&#xd;
forgotten, marginalized, not found in the press or in other written sources either on the radio or&#xd;
on the NODO, or in the history books. However, its protagonists are active subjects of historical&#xd;
task, without them, without their work, life is paralyzed. Moreover, knowledge of its history is&#xd;
essential to understanding not only previously unknown aspects of Franco’s dictatorship, but&#xd;
some of the ins and outs of the present time</subfield>
   </datafield>
   <datafield ind1="8" ind2=" " tag="024">
      <subfield code="a">GARCÍA MUÑOZ, MARÍA REMEDIOS "Memoria y vida cotidiana. Las amas de casa de Almogía durante el Franquismo" Baética, 34, 2012, 451-472</subfield>
   </datafield>
   <datafield ind1="8" ind2=" " tag="024">
      <subfield code="a">0212-5099</subfield>
   </datafield>
   <datafield ind1="8" ind2=" " tag="024">
      <subfield code="a">http://hdl.handle.net/10630/6374</subfield>
   </datafield>
   <datafield tag="653" ind2=" " ind1=" ">
      <subfield code="a">Mujeres - Historia - Almogía (Málaga) - S. XX</subfield>
   </datafield>
   <datafield ind2="0" ind1="0" tag="245">
      <subfield code="a">Memoria y vida cotidiana. Las amas de casa de Almogía durante el Franquismo</subfield>
   </datafield>
</record>
</metadata></record></GetRecord></OAI-PMH>